[Event "SVE Seniors op 2nd"]
[Site "Eidelstedt"]
[Date "2019.07.24"]
[Round "4"]
[White "Remer, Hans Herbert"]
[Black "Warneke, Perygrin"]
[Result "1/2-1/2"]
[WhiteElo "1227"]
[BlackElo "1653"]
[PlyCount "77"]
[EventDate "2019.07.15"]
[EventType "swiss"]
[EventRounds "7"]
[EventCountry "GER"]
[SourceTitle "EXT 2020"]
[Source "ChessBase"]
[SourceDate "2019.10.17"]
[SourceVersion "1"]
[SourceVersionDate "2019.10.17"]
[SourceQuality "1"]

1. e4 c6 2. f4 d5 3. e5 Bf5 4. d4 e6 5. Nf3 Nd7 6. Bd3 Ne7 7. Bxf5 Nxf5 8. c3 Be7 9. 0-0 0-0 10. Qd3 c5 11. Kh1 Rc8 12. b3 Qc7 13. Bd2 cxd4 14. Nxd4 Nxd4 15. cxd4 Qc2 16. Qxc2 Rxc2 17. Rc1 Rxc1+ 18. Bxc1 Rc8 19. Nd2 b5 20. Nf3 a6 21. Bd2 Ba3 22. g3 Rc2 23. Rd1 b4 24. Ne1 Rc7 25. Nd3 a5 26. Bc1 Bxc1 27. Rxc1 Rxc1+ 28. Nxc1 Nb8 29. Ne2 Nc6 30. Kg2 Kf8 31. Kf3 Ke7 32. Ke3 g6 33. g4 h6 34. h4 Kf8 35. Ng3 Ne7 36. Kf3 Nc6 37. Ke3 Ne7 38. Kf3 Nc6 39. Ke3 1/2-1/2